000 00749nam a2200289Ia 4500
005 20260324130525.0
008 008 260324s9999 xx 000 0 eng d
020 _a9781315289533
037 _aEBOOK
040 _aCRL
040 _beng
040 _cCRL
041 _2eng
041 _aeng
084 _qCRL
100 _aEugene B. Rumer; Dmitri Trenin; Huasheng Zhao
_91182109
245 0 _aCentral Asia: Views from Washington, Moscow, and Beijing
245 0 _bViews from Washington, Moscow, and Beijing
260 _bTaylor and Francis
260 _c2007
365 _a
365 _b290
856 _uhttp://www.taylorfrancis.com/books/9781315289533
942 _cEBOOK
999 _c1778338
_d1778338